00437nam a2200145Ia 4500008004100000020001800041082001400059100002500073245002300098260000800121500001200129942000700141952012800148999001500276260604s9999 xx 000 0 und d a9781529146844 a303.4 LEO aPaul leonardi935904 0aDigital Exhaustion bPRH aDigital cBK 00104070aIIMVbIIMVcGENERALd2026-06-04g999.00l0o303.4 LEOp004362r2026-06-04 10:21:28v999.00w2026-06-04yBKBLEO c8744d8744